000 00576nam a22001937a 4500
005 20260427112301.0
008 260427b |||||||| |||| 00| 0 eng d
037 _cDSWL
040 _aDSWL
_cDSWL
041 _heng
084 _aT4r.2 Q8
245 _aIndia Higher Education Report 2016
260 _aJaipur,
_bRawat Publication,
_c2018
300 _a421p
365 _aINR
_b1250
700 _aNidhi S Sabharwal & C M Malish Ed.
_91235742
942 _2CC
_cREP
_hT4r.2 Q8
_n0
999 _c1848557
_d1848557